| 000 | 00708nam a22002417a 4500 | ||
|---|---|---|---|
| 003 | URS | ||
| 005 | 20251022142522.0 | ||
| 008 | 241107b ||||| |||| 00| 0 eng d | ||
| 020 | _a978-971-9655-62-6 | ||
| 040 | _cURS | ||
| 050 |
_aHD61 _b.D371 2023 |
||
| 100 |
_aDela Cruz, Mylene Castillo _cSO1, RND, LPT, Ph. D |
||
| 245 | _a21st Century Risk Management with Sanitation | ||
| 264 |
_aIntramuros, Manila _bMINDSHAPERS CO., INC. _c©2023 |
||
| 300 |
_a142 pages.,: _c23 cm. |
||
| 336 |
_2rdacontent _atext |
||
| 337 |
_2rdamedia _aunmediated |
||
| 338 |
_2rdacarrier _avolume |
||
| 650 | 0 | _aRisk management | |
| 650 | 0 | _aTourism management. | |
| 700 |
_aBlas, Anabelle Ocampo _cRND |
||
| 942 |
_2lcc _cF |
||
| 999 |
_c88135 _d88132 |
||